| 000 | 00540nam a22001697a 4500 | ||
|---|---|---|---|
| 003 | OSt | ||
| 005 | 20240926011154.0 | ||
| 008 | 240926b |||||||| |||| 00| 0 eng d | ||
| 040 | _c0 | ||
| 082 | _aDPer 050 R22 2000 January-May 2023 v123 no. 719-723 | ||
| 100 |
_aTigay, Chanan. _eauthor. _961672 |
||
| 245 |
_aPortugal 's schinderler / _cChanan Tigay. |
||
| 260 |
_aTaipei ; _bReader's Digest Asia, _cFebruary 2023. |
||
| 300 |
_aVolume 123, pages 98-113 , _billustration. |
||
| 700 |
_aTigay, Chanan. _eauthor. _961672 |
||
| 942 |
_2ddc _cPER |
||
| 999 |
_c21885 _d21885 |
||